| 000 | 00763nam a2200205Ia 4500 | ||
|---|---|---|---|
| 005 | 20260121110247.0 | ||
| 008 | 008 260114s9999 xx 000 0 hin d | ||
| 020 | _a9788132350200 | ||
| 037 | _aEBOOK | ||
| 040 |
_aCRL _bhin _cCRL |
||
| 041 |
_ahin _2hin |
||
| 084 | _qCRL | ||
| 100 |
_aसन्नी यादव / Sunny Yadav _9944002 |
||
| 245 | 0 | _aमहिला एवं बाल विकास: स्वास्थ्य, पोषण, जेंडर एवं समाज / Mahila Aur Bal Vikas: Swasthya, Poshan, Gender Aur Samaj | |
| 260 |
_bभाषा प्रकाशन / Bhasha Prakashan _c2020 |
||
| 856 | _uhttps://bhashaprakashan.com/product-details/378272 | ||
| 942 | _cEBOOK | ||
| 999 |
_c1535666 _d1535666 |
||